Marques par pays - Statistiques

Statistiques générales
  • Ce quiz a été pris 237 fois
    147 depuis la dernière actualisation
  • Le résultat moyen est 17 sur 31
Statistiques - réponses
Marque Pays % Correct
NIKE Etats-Unis
98%
BMW Allemagne
97%
LAMBORGHINI Italie
93%
TOTAL France
92%
XIAOMI Chine
88%
ASTON MARTIN Royaume-uni
79%
GAZPROM Russie
78%
SAMSUNG Corée du sud
75%
SEAT Espagne
74%
VOLVO Suede
69%
LEGO Danemark
65%
FLY EMIRATES Émirats Arabes Unis
64%
UNIQLO Japon
64%
NESTLE Suisse
63%
REDBULL Autriche
58%
CORONA Mexique
57%
JUPILER Belgique
56%
ZUBROWKA Pologne
55%
DACIA Roumanie
48%
BLACKBERRY Canada
46%
NOKIA Finlande
44%
TATA Inde
40%
QUICKSILVER Australie
38%
SHELL Pays-bas
38%
PRIMARK Irlande
37%
DELTA CAFE Portugal
33%
INDOMIE Indonésie
19%
CARABAO Thaïlande
19%
AVAST République Tchèque
16%
COHIBA Cuba
14%
HILTI Liechtenstein
8%
Aucun quiz correspondant
Distribution des résultats
% des personnes avec chaque résultat
Percentile par nombre de réponses
Votre historique - résultats
Vous n’avez pas pris ce quiz depuis la dernière actualisation